Gulam Ishaq Khan (Record no. 348902)

000 -LEADER
fixed length control field 00430 a2200157 4500
020 ## - INTERNATIONAL STANDARD BOOK NUMBER
International Standard Book Number 9789699316005
082 ## - DEWEY DECIMAL CLASSIFICATION NUMBER
Classification number 954.91053092
090 ## - LOCALLY ASSIGNED LC-TYPE CALL NUMBER (OCLC); LOCAL CALL NUMBER (RLIN)
-- 6543
-- 6543
100 ## - MAIN ENTRY--PERSONAL NAME
Personal name Siddiqui,Sahar
245 ## - TITLE STATEMENT
Title Gulam Ishaq Khan
Remainder of title Personality,Character,Services.
Statement of responsibility, etc. Sahar Siddiqui.
250 ## - EDITION STATEMENT
Edition statement 1st.
260 ## - PUBLICATION, DISTRIBUTION, ETC.
Place of publication, distribution, etc. Islamabad.
Name of publisher, distributor, etc. Ali Publicationing Burro
Date of publication, distribution, etc. 2008.
300 ## - PHYSICAL DESCRIPTION
Extent 472p.
500 ## - GENERAL NOTE
General note Hard cover.
942 ## - ADDED ENTRY ELEMENTS (KOHA)
Institution code [OBSOLETE] NBS
Koha item type Book
Call number prefix 954.91053092 SID
Holdings
Withdrawn status Lost status Damaged status Not for loan Permanent Location Current Location Date acquired Total Checkouts Full call number Barcode Date last seen Date last checked out Price effective from Koha item type
        Central Library (CL) Central Library (CL) 08/28/2013 5 954.91053092 SID NBSD-1859 11/23/2023 07/04/2022 08/28/2013 Book
© 2023 Central Library, National University of Sciences and Technology. All Rights Reserved.